Review of economic & business studies

Na minha lista:
Detalhes bibliográficos
Formato: Periódico
Idioma:inglês
Publicado em: Iasi Facultatea de Economie şi Administrarea Afacerilor Universitatea "Alexandru Ioan Cuza" 2010
Tags: Adicionar Tag
Sem tags, seja o primeiro a adicionar uma tag!

MARC

LEADER 00000nas2a2200000 4500
001 0182081
005 20250826110007.3
022 |a 1843-763X 
041 0 |a eng 
044 |a RO 
245 1 0 |a Review of economic & business studies 
264 1 |a Iasi  |b Facultatea de Economie şi Administrarea Afacerilor Universitatea "Alexandru Ioan Cuza"  |c 2010